Statistics for ACC Tournament Champions 1954-2021

Click here to take the quiz!

General Stats

  • This quiz has been taken 16 times
  • The average score is 20 of 68

Answer Stats

HintAnswer% Correct
1954NC State
62%
1955NC State
54%
1957UNC
54%
2007UNC
54%
2001Duke
46%
2002Duke
46%
2003Duke
46%
1956NC State
46%
2008UNC
46%
2000Duke
38%
2005Duke
38%
2006Duke
38%
1998UNC
38%
1982UNC
38%
1981UNC
38%
1994UNC
38%
1997UNC
38%
1969UNC
38%
1968UNC
38%
1967UNC
38%
2016UNC
38%
2009Duke
31%
1964Duke
31%
1999Duke
31%
2019Duke
31%
1960Duke
31%
2017Duke
31%
1963Duke
31%
2011Duke
31%
1966Duke
31%
1980Duke
31%
2010Duke
31%
1958Maryland
31%
1972UNC
31%
1979UNC
31%
1977UNC
31%
1975UNC
31%
1989UNC
31%
1991UNC
31%
1974UNC
31%
1988Duke
23%
1978Duke
23%
1986Duke
23%
1992Duke
23%
2004Maryland
23%
1984Maryland
23%
2013Miami
23%
1959NC State
23%
1983NC State
23%
1970NC State
23%
1965NC State
23%
2018Virginia
23%
2014Virginia
23%
1976Virginia
23%
1961Wake Forest
23%
1962Wake Forest
23%
2020*Florida State
15%
2012Florida State
15%
1987NC State
15%
1973NC State
15%
1995Wake Forest
15%
1996Wake Forest
15%
1985Ga. Tech
8%
1990Ga. Tech
8%
1993Ga. Tech
8%
2021Ga. Tech
8%
2015Notre Dame
8%
1971South Carolina
8%

Score Distribution

Percentile by Number Answered

Percent of People with Each Score

Your Score History

You have not taken this quiz